| 000 | 00915nam a22001815i 4500 | ||
|---|---|---|---|
| 001 | 160537 | ||
| 003 | ES-MaACL | ||
| 005 | 20230906212049.0 | ||
| 008 | 020123s1871 sp |||| | spa d | ||
| 040 |
_aCAM _bspa _cCAM |
||
| 100 | 1 |
_aNavarro, Calisto. _9130413 |
|
| 245 | 1 | 3 |
_aLa internacional _b: comedia en un acto y en verso / _coriginal de Calisto Navarro. |
| 260 |
_aMadrid : _b[s.n.], _c1871 ( _fimprenta, Jesús del Valle, 15, Bajo) |
||
| 300 |
_a24 p. ; _c20 cm. |
||
| 500 | _aEn port.: Estrenada en Madrid, la noche del 24 de noviembre de 1871. | ||
| 596 | 1 | _aEn verso de port. consta: "... de las galerías dramáticas y líricas de los Sres. Gullon é Hidalgo ..." | |
| 852 |
_aES-MaACL _jF-8578(1) _z-- Enc. pasta española _z-- Ex-libris ms. de Gustavo Saenz Diez, 1876 _q-- Falto de la cub. original _z-- Enc. en un vol. facticio formando parte de la col. facticia Teatro español moderno, vol. 31 |
||
| 999 |
_c160537 _d160537 |
||